000
00284nam a2200109Ia 4500
005
20251222153637.0
008
251222s9999||||xx |||||||||||||| ||spa||
082
_a
868.901/S28
100
_a
"Scarabotolo de Codina, Hilda (coord)"
245
0
_a
Poesía brasileña colonial
942
_c
LIB
999
_c
32579
_d
32579